Mis padecimientos i mi conducta pública (Registro nro. 301503)
[ vista simple ]
| 000 -ENCABEZADO | |
|---|---|
| Número de control [NR] | 01105cam a2200265La 4500 |
| 005 - FECHA Y HORA DE LA ÚLTIMA TRANSACCIÓN | |
| control field | 20211029093758.0 |
| 008 - DE LONGITUD FIJA DE DATOS DE ELEMENTOS - INFORMACIÓN GENERAL | |
| Elementos de longitud fija [NR] | 151002s1978 ck gr 000 0bspa d |
| 040 ## - FUENTE DE CATALOGACION [NR] | |
| Agencia de catalogación original [NR] | CO-BoUCM |
| Idioma de catalogación [NR] | spa |
| Quien Cataloga | David Avila |
| Quien Clasifica | David Avila |
| 041 0# - CODIGO DE IDIOMA [R] | |
| Código de idioma para texto/pista de sonido o título separado [R] | Español |
| 043 ## - CODIGO DE AREA GEOGRAFICA [NR] | |
| Código de área geográfica [R] | s-ck--- |
| 100 1# - ASIENTO PRINCIPAL--NOMBRE PERSONAL [NR] | |
| Nombre personal [NR] | Soto, Francisco |
| ID Autoridad | 841 |
| 245 10 - MENCION DE TITULO [NR] | |
| Título [NR] | Mis padecimientos i mi conducta pública |
| Parte restante del título [NR] | y otros documentos |
| Mención de responsabilidad, etc. [NR] | Francisco Soto |
| 260 ## - PUBLICACION, DISTRIBUCION, ETC. (PIE DE IMPRENTA) [R] | |
| Lugar de publicación, distribución, etc. [R] | Bogotá (Colombia) |
| Nombre del editor, distribuidor, etc. [R] | Academia Colombiana de Historia |
| Fecha de publicación, distribución, etc. [R] | 1978 |
| 300 ## - DESCRIPCION FISICA [R] | |
| Extensión [R] | 191 páginas |
| 490 1# - MENCION DE SERIE [R] | |
| Mención de serie [R] | Colección bolsilibros / Academia Colombiana de Historia |
| Designación numérica/secuencial del volumen [NR] | 33 |
| 500 ## - NOTA GENERAL [R] | |
| Nota general [NR] | "Los textos de los documentos incluidos en el presente libro han sido transcritos literalmente de varias publicaciones." |
| 504 ## - NOTA DE BIBLIOGRAFIA, ETC. [R] | |
| Nota de bibliografía, etc. [NR] | Incluye referencias bibliográficas |
| 600 10 - ASIENTO SECUNDARIO DE MATERIA - NOMBRE PERSONAL [R] | |
| Nombre personal [NR] | Soto, Francisco |
| 9 (RLIN) | 841 |
| 650 #0 - ASIENTO SECUNDARIO DE MATERIA - TERMINO TEMATICO [R] | |
| Término temático o nombre geográfico como elemento de entrada [NR] | Estadistas |
| Subdivisión geográfica [R] | Colombia |
| 9 (RLIN) | 71922 |
| 651 #0 - ASIENTO SECUNDARIO DE MATERIA - NOMBRE GEOGRAFICO [R] | |
| Nombre geográfico [NR] | Colombia |
| Subdivisión general [R] | Política y gobierno |
| Subdivisión cronológica [R] | 1810- |
| 9 (RLIN) | 71852 |
| 690 ## - ASUNTO AGREGADO LOCAL DE ENTRADA - TÉRMINO TEMÁTICO (OCLC, RLIN) | |
| Acceso temático local | Historia de Colombia |
| 9 (RLIN) | 26508 |
| 830 #0 - ASIENTO SECUNDARIO DE SERIE--TITULO UNIFORME [R] | |
| Título uniforme [NR] | Colección bolsilibros / Academia Colombiana de Historia |
| Designación numérica/secuencial del volumen [NR] | 33 |
| 9 (RLIN) | 71923 |
| 942 ## - ELEMENTOS DE ENTRADA AGREGADOS (KOHA) | |
| Sistema de clasificación | DEWEY |
| Tema principal | Historia |
| Tipo de ítem principal el descrito en 300a | Libro |
| Edición | 1 |
| Clasificación | 986.1 |
| Parte restante de la signatura top. | S718m |
| Fecha de último préstamo | Total préstamos | Total Renewals | Signatura topográfica | Código de barras | Última vez visto | Ejemplar | Price effective from | Tipo de ítem | Perdido | Sistema de clasificación | Dañado | No prestable | Tipo de ítem específico | Suprimido | Ubicación habitual | Ubicación actual | Localización | Fecha de creación | Forma de adquisición | Costo | Costo de reposición | Proveedor |
|---|---|---|---|---|---|---|---|---|---|---|---|---|---|---|---|---|---|---|---|---|---|---|
| 26/08/2013 | 1 | 3 | 923.2 S67 | 100015342 | 13/07/2015 | Ej.1 | 03/02/2013 | Libro | DEWEY | Libro | Bodega | Bodega | Préstamo 4 días después de solicitado | 28/02/2003 | 720.00 | |||||||
| 923.2 S67 | 100147633 | 09/12/2025 | Ej.2 | 17/09/2015 | Libro | DEWEY | Libro | Claustro | Claustro | 2do piso | 17/09/2015 | Donación | 0.00 | 26000.00 | 12 |